[Event "Blitz 2018"]
[Site "Saint-Petersburg"]
[Date "2018.12.29"]
[Round "6"]
[Board "65"]
[White "Christiansen Johan-Sebastian (NOR)"]
[Black "Vastrukhin Oleg (RUS)"]
[Result "1-0"]
[LiveChessVersion "1.4.8"]
[BlackElo "2488"]
[WhiteElo "2635"]

1. e4 {[%clk 0:03:03]} e6 {[%clk 0:03:03]} 2. d4 {[%clk 0:03:02]} d5
{[%clk 0:03:05]} 3. Nc3 {[%clk 0:03:03]} Bb4 {[%clk 0:03:06]} 4. e5
{[%clk 0:03:04]} c5 {[%clk 0:03:07]} 5. a3 {[%clk 0:03:06]} Bxc3+
{[%clk 0:03:08]} 6. bxc3 {[%clk 0:03:07]} Nc6 {[%clk 0:03:09]} 7. Qg4
{[%clk 0:03:05]} g6 {[%clk 0:03:10]} 8. Nf3 {[%clk 0:02:56]} Qa5 {[%clk 0:03:07]}
9. Bd2 {[%clk 0:02:57]} c4 {[%clk 0:03:07]} 10. h4 {[%clk 0:02:49]} h6
{[%clk 0:03:08]} 11. Be2 {[%clk 0:02:45]} Bd7 {[%clk 0:03:09]} 12. O-O
{[%clk 0:02:43]} O-O-O {[%clk 0:03:08]} 13. Qf4 {[%clk 0:02:38]} Rf8
{[%clk 0:03:07]} 14. a4 {[%clk 0:02:34]} f5 {[%clk 0:03:00]} 15. Rfb1
{[%clk 0:02:16]} Nge7 {[%clk 0:02:59]} 16. Bc1 {[%clk 0:02:01]} Rfg8
{[%clk 0:02:54]} 17. Qd2 {[%clk 0:01:52]} Nd8 {[%clk 0:02:04]} 18. Ba3
{[%clk 0:01:52]} Nec6 {[%clk 0:02:05]} 19. Bc5 {[%clk 0:01:20]} Nf7
{[%clk 0:01:59]} 20. Rb5 {[%clk 0:01:17]} Qc7 {[%clk 0:01:43]} 21. Rab1
{[%clk 0:01:17]} b6 {[%clk 0:01:38]} 22. Ba3 {[%clk 0:01:08]} g5 {[%clk 0:01:27]}
23. Bb4 {[%clk 0:00:42]} Ncd8 {[%clk 0:01:12]} 24. Bd6 {[%clk 0:00:40]} Nxd6
{[%clk 0:01:10]} 25. exd6 {[%clk 0:00:41]} Qxd6 {[%clk 0:01:11]} 26. R5b2
{[%clk 0:00:41]} Bxa4 {[%clk 0:00:54]} 27. Ra1 {[%clk 0:00:38]} b5
{[%clk 0:00:54]} 28. Ne5 {[%clk 0:00:38]} gxh4 {[%clk 0:00:48]} 29. Qe3
{[%clk 0:00:14]} Rg5 {[%clk 0:00:35]} 30. Bf3 {[%clk 0:00:14]} Rhg8
{[%clk 0:00:34]} 31. Kh1 {[%clk 0:00:15]} h3 {[%clk 0:00:31]} 32. g3
{[%clk 0:00:15]} Rf8 {[%clk 0:00:28]} 33. Rba2 {[%clk 0:00:07]} f4
{[%clk 0:00:24]} 34. gxf4 {[%clk 0:00:08]} Rgf5 {[%clk 0:00:25]} 35. Ng6
{[%clk 0:00:04]} R8f6 {[%clk 0:00:19]} 36. Rg1 {[%clk 0:00:04]} Nc6
{[%clk 0:00:12]} 37. Bg4 {[%clk 0:00:03]} Rxf4 {[%clk 0:00:06]} 38. Nxf4
{[%clk 0:00:04]} Qxf4 {[%clk 0:00:07]} 39. Bxe6+ {[%clk 0:00:05]} Kc7
{[%clk 0:00:08]} 40. Rg7+ {[%clk 0:00:06]} Kb6 {[%clk 0:00:07]} 41. Qxf4
{[%clk 0:00:05]} Rxf4 {[%clk 0:00:08]} 42. Bc8 {[%clk 0:00:06]} Nd8
{[%clk 0:00:05]} 43. Kg1 {[%clk 0:00:06]} a5 {[%clk 0:00:05]} 44. Rd7
{[%clk 0:00:07]} Ne6 {[%clk 0:00:04]} 45. Rd6+ {[%clk 0:00:08]} Kc7
{[%clk 0:00:06]} 46. Rxe6 {[%clk 0:00:06]} Kxc8 47. Rxh6 {[%clk 0:00:06]} Rg4+
{[%clk 0:00:08]} 48. Kf1 {[%clk 0:00:06]} Kc7 {[%clk 0:00:05]} 49. Rxh3
{[%clk 0:00:06]} Kb6 {[%clk 0:00:06]} 50. Rh6+ {[%clk 0:00:07]} Kb7
{[%clk 0:00:08]} 51. f3 {[%clk 0:00:06]} Rg7 {[%clk 0:00:08]} 52. Kf2
{[%clk 0:00:07]} Rf7 {[%clk 0:00:08]} 53. Rd6 {[%clk 0:00:07]} Rh7
{[%clk 0:00:08]} 54. Rxd5 {[%clk 0:00:04]} Kc6 {[%clk 0:00:10]} 55. Rc5+
{[%clk 0:00:05]} Kb6 56. f4 Rh2+ {[%clk 0:00:13]} 57. Kg3 {[%clk 0:00:08]} Rxc2
{[%clk 0:00:14]} 58. Ra3 {[%clk 0:00:04]} Bb3 {[%clk 0:00:13]} 59. f5
{[%clk 0:00:04]} Rxc3+ 60. Kf4 Rc1 {[%clk 0:00:14]} 61. f6 {[%clk 0:00:05]} Rf1+
{[%clk 0:00:15]} 62. Ke5 {[%clk 0:00:06]} a4 {[%clk 0:00:15]} 63. Ke6
{[%clk 0:00:04]} b4 {[%clk 0:00:16]} 64. Rf5 {[%clk 0:00:04]} Rxf5
{[%clk 0:00:13]} 65. Kxf5 {[%clk 0:00:05]} c3 {[%clk 0:00:12]} 66. Rxb3
{[%clk 0:00:06]} axb3 {[%clk 0:00:12]} 67. f7 {[%clk 0:00:08]} b2
{[%clk 0:00:13]} 68. f8=Q {[%clk 0:00:08]} b1=Q+ {[%clk 0:00:15]} 69. Ke5
{[%clk 0:00:05]} Qe1+ {[%clk 0:00:14]} 70. Kd5 {[%clk 0:00:04]} c2
{[%clk 0:00:11]} 71. Qb8+ {[%clk 0:00:05]} Ka5 {[%clk 0:00:10]} 72. Qa8+
{[%clk 0:00:03]} Kb5 {[%clk 0:00:11]} 73. Qc6+ {[%clk 0:00:04]} Ka5
{[%clk 0:00:13]} 74. Qa8+ {[%clk 0:00:04]} Kb6 {[%clk 0:00:13]} 75. Qc6+
{[%clk 0:00:05]} Ka7 {[%clk 0:00:09]} 76. Qxc2 {[%clk 0:00:06]} Qc3
{[%clk 0:00:09]} 77. Qa4+ {[%clk 0:00:06]} Kb6 {[%clk 0:00:10]} 78. Qe8
{[%clk 0:00:04]} b3 {[%clk 0:00:10]} 79. Qb8+ {[%clk 0:00:05]} Ka5
{[%clk 0:00:11]} 80. Qa7+ {[%clk 0:00:05]} Kb4 {[%clk 0:00:11]} 81. Qe7+
{[%clk 0:00:05]} Ka4 {[%clk 0:00:12]} 82. Qd7+ {[%clk 0:00:04]} Ka3
{[%clk 0:00:13]} 83. Qa7+ {[%clk 0:00:04]} Kb2 {[%clk 0:00:14]} 84. Ke5
{[%clk 0:00:05]} Kc2 {[%clk 0:00:14]} 85. Qh7+ {[%clk 0:00:05]} Qd3
{[%clk 0:00:14]} 86. Qc7+ {[%clk 0:00:06]} Kd1 {[%clk 0:00:14]} 87. Qb6
{[%clk 0:00:06]} Qe2+ {[%clk 0:00:15]} 88. Kd6 {[%clk 0:00:05]} b2
{[%clk 0:00:15]} 89. d5 {[%clk 0:00:06]} Kc1 {[%clk 0:00:14]} 90. Qc5+
{[%clk 0:00:06]} Kd2 {[%clk 0:00:13]} 91. Qb4+ {[%clk 0:00:04]} Kc2 92. Qa4+ Kc3
{[%clk 0:00:15]} 93. Qa3+ {[%clk 0:00:05]} Kc2 {[%clk 0:00:14]} 94. Qa4+
{[%clk 0:00:06]} Kc1 {[%clk 0:00:15]} 95. Qa3 {[%clk 0:00:04]} Qc2
{[%clk 0:00:12]} 96. Kd7 {[%clk 0:00:04]} Kd2 {[%clk 0:00:12]} 97. Qb4+
{[%clk 0:00:03]} Qc3 {[%clk 0:00:12]} 98. Qf4+ {[%clk 0:00:05]} Kc2
{[%clk 0:00:13]} 99. Qe4+ {[%clk 0:00:04]} Qd3 {[%clk 0:00:12]} 100. Qa4+
{[%clk 0:00:05]} Kd2 {[%clk 0:00:10]} 101. Qb4+ {[%clk 0:00:07]} Kc1
{[%clk 0:00:11]} 102. Qf4+ {[%clk 0:00:03]} Kc2 {[%clk 0:00:10]} 103. Qf2+
{[%clk 0:00:03]} Qd2 {[%clk 0:00:09]} 104. Qf5+ {[%clk 0:00:03]} Kc3
{[%clk 0:00:08]} 105. d6 {[%clk 0:00:04]} Qd3 {[%clk 0:00:08]} 106. Qc5+
{[%clk 0:00:05]} Kb3 {[%clk 0:00:09]} 107. Qb6+ {[%clk 0:00:06]} Kc2
{[%clk 0:00:09]} 108. Qf2+ {[%clk 0:00:05]} Kd1 {[%clk 0:00:07]} 109. Qxb2
{[%clk 0:00:06]} Qf5+ {[%clk 0:00:07]} 110. Kc6 {[%clk 0:00:05]} Qe4+
{[%clk 0:00:08]} 111. Kc5 {[%clk 0:00:04]} Qf5+ {[%clk 0:00:09]} 112. Kb6
{[%clk 0:00:04]} Qd5 {[%clk 0:00:06]} 113. Qb1+ {[%clk 0:00:04]} Kd2
{[%clk 0:00:07]} 114. Qb4+ {[%clk 0:00:06]} Kd1 {[%clk 0:00:06]} 115. Kc7 1-0

[Event "Blitz 2018"]
[Site "Saint-Petersburg"]
[Date "2018.12.29"]
[Round "6"]
[Board "66"]
[White "Rakhmanov Aleksandr (RUS)"]
[Black "Predke Alexandr (RUS)"]
[Result "1/2-1/2"]
[LiveChessVersion "1.4.8"]
[BlackElo "2482"]
[WhiteElo "2615"]

1. c4 {[%clk 0:03:03]} b6 {[%clk 0:03:00]} 2. Nc3 {[%clk 0:03:03]} Bb7
{[%clk 0:03:01]} 3. e4 {[%clk 0:03:03]} e5 {[%clk 0:02:54]} 4. Nf3
{[%clk 0:03:03]} Nc6 {[%clk 0:02:53]} 5. d3 {[%clk 0:03:00]} Bc5 {[%clk 0:02:51]}
6. Be2 {[%clk 0:02:55]} Nge7 {[%clk 0:02:50]} 7. a3 {[%clk 0:02:54]} a5
{[%clk 0:02:51]} 8. Rb1 {[%clk 0:02:55]} d6 {[%clk 0:02:49]} 9. O-O
{[%clk 0:02:54]} O-O {[%clk 0:02:49]} 10. Nd5 {[%clk 0:02:55]} Nd4
{[%clk 0:02:46]} 11. b4 {[%clk 0:02:44]} axb4 {[%clk 0:02:46]} 12. axb4
{[%clk 0:02:45]} Nxf3+ {[%clk 0:02:45]} 13. Bxf3 {[%clk 0:02:46]} Bd4
{[%clk 0:02:46]} 14. Nxe7+ {[%clk 0:02:35]} Qxe7 {[%clk 0:02:47]} 15. Bb2 Bxb2
{[%clk 0:02:11]} 16. Rxb2 {[%clk 0:02:36]} Ra3 {[%clk 0:02:12]} 17. Rb3
{[%clk 0:02:30]} Ra2 {[%clk 0:02:08]} 18. Qc1 {[%clk 0:02:06]} Bc6
{[%clk 0:01:30]} 19. Ra3 {[%clk 0:02:01]} Ra8 {[%clk 0:01:27]} 20. Rxa8+
{[%clk 0:01:52]} Rxa8 {[%clk 0:01:28]} 21. Qb2 {[%clk 0:01:45]} Qg5
{[%clk 0:00:29]} 22. g3 {[%clk 0:01:41]} g6 {[%clk 0:00:30]} 23. h4
{[%clk 0:01:38]} Qd8 {[%clk 0:00:30]} 24. Ra1 {[%clk 0:01:22]} f5
{[%clk 0:00:30]} 25. c5 {[%clk 0:01:08]} bxc5 {[%clk 0:00:27]} 26. bxc5
{[%clk 0:01:07]} fxe4 {[%clk 0:00:21]} 27. Bxe4 {[%clk 0:01:04]} Rxa1+
{[%clk 0:00:09]} 28. Qxa1 {[%clk 0:01:05]} d5 {[%clk 0:00:10]} 29. Bg2
{[%clk 0:01:04]} Qe7 {[%clk 0:00:11]} 30. Qa6 {[%clk 0:01:00]} Qd7
{[%clk 0:00:11]} 31. Qa7 {[%clk 0:00:59]} Kg7 {[%clk 0:00:09]} 32. Qb8
{[%clk 0:01:00]} d4 {[%clk 0:00:06]} 33. Bxc6 {[%clk 0:00:21]} Qxc6
{[%clk 0:00:07]} 34. Qb4 {[%clk 0:00:17]} h5 {[%clk 0:00:08]} 35. Qc4
{[%clk 0:00:17]} Kf6 {[%clk 0:00:10]} 36. Kh2 {[%clk 0:00:14]} Qf3
{[%clk 0:00:10]} 37. Kg1 {[%clk 0:00:16]} Qd1+ {[%clk 0:00:09]} 38. Kg2
{[%clk 0:00:17]} Qe2 {[%clk 0:00:06]} 39. Qa6+ {[%clk 0:00:16]} Kf7
{[%clk 0:00:04]} 40. Qc6 {[%clk 0:00:15]} Qxd3 {[%clk 0:00:05]} 41. Qxc7+
{[%clk 0:00:15]} Kf6 {[%clk 0:00:06]} 42. Qc6+ {[%clk 0:00:15]} Kf5
{[%clk 0:00:04]} 43. Qd7+ {[%clk 0:00:10]} Kf6 {[%clk 0:00:06]} 44. Qd6+
{[%clk 0:00:10]} Kf5 {[%clk 0:00:07]} 45. Qd7+ {[%clk 0:00:09]} Kf6
{[%clk 0:00:08]} 46. Qd5 {[%clk 0:00:09]} e4 {[%clk 0:00:09]} 47. c6
{[%clk 0:00:08]} Qf3+ {[%clk 0:00:09]} 48. Kg1 {[%clk 0:00:09]} Qd1+
{[%clk 0:00:10]} 49. Kh2 {[%clk 0:00:11]} e3 {[%clk 0:00:05]} 50. fxe3
{[%clk 0:00:05]} Qc2+ {[%clk 0:00:04]} 51. Qg2 {[%clk 0:00:05]} d3
{[%clk 0:00:05]} 52. c7 {[%clk 0:00:03]} Qxc7 {[%clk 0:00:06]} 53. Qf1+
{[%clk 0:00:04]} Ke6 {[%clk 0:00:06]} 54. Qxd3 {[%clk 0:00:05]} Kf7
{[%clk 0:00:05]} 55. Qe4 {[%clk 0:00:06]} Qc3 {[%clk 0:00:06]} 56. Qf4+
{[%clk 0:00:07]} Ke6 {[%clk 0:00:07]} 57. Kh3 {[%clk 0:00:08]} Qc2
{[%clk 0:00:07]} 58. Qf3 {[%clk 0:00:07]} Ke5 {[%clk 0:00:08]} 59. Qf4+
{[%clk 0:00:08]} Ke6 {[%clk 0:00:09]} 60. e4 {[%clk 0:00:06]} Qe2
{[%clk 0:00:09]} 61. Qf8 Qxe4 {[%clk 0:00:09]} 62. Qe8+ {[%clk 0:00:04]} Kd5
{[%clk 0:00:10]} 63. Qa8+ {[%clk 0:00:05]} Kd4 {[%clk 0:00:10]} 64. Qa4+
{[%clk 0:00:06]} Ke3 {[%clk 0:00:12]} 65. Qb3+ {[%clk 0:00:07]} Kf2
{[%clk 0:00:12]} 66. Qb6+ {[%clk 0:00:07]} Qe3 {[%clk 0:00:10]} 67. Qxg6
{[%clk 0:00:07]} Qf3 {[%clk 0:00:08]} 68. Qb6+ {[%clk 0:00:05]} Kf1
{[%clk 0:00:08]} 69. Qb1+ {[%clk 0:00:06]} Kf2 {[%clk 0:00:09]} 70. Qc2+
{[%clk 0:00:07]} Kf1 {[%clk 0:00:10]} 71. Qc1+ {[%clk 0:00:07]} Kf2
{[%clk 0:00:11]} 72. Qd2+ {[%clk 0:00:08]} Kf1 {[%clk 0:00:12]} 73. Qf4
{[%clk 0:00:09]} Kf2 {[%clk 0:00:11]} 74. Kh2 {[%clk 0:00:06]} Ke2
{[%clk 0:00:10]} 75. Qe5+ {[%clk 0:00:07]} Kf2 {[%clk 0:00:08]} 76. Qb2+
{[%clk 0:00:07]} Kf1 {[%clk 0:00:09]} 77. Qc1+ {[%clk 0:00:08]} Ke2
{[%clk 0:00:10]} 78. Qc2+ {[%clk 0:00:05]} Kf1 {[%clk 0:00:10]} 79. Qc1+
{[%clk 0:00:04]} Ke2 {[%clk 0:00:11]} 80. Qb2+ {[%clk 0:00:04]} Kf1
{[%clk 0:00:12]} 81. Qa1+ {[%clk 0:00:05]} Ke2 {[%clk 0:00:14]} 82. Qa2+
{[%clk 0:00:07]} Kf1 {[%clk 0:00:15]} 83. Qa6+ {[%clk 0:00:08]} Kf2
{[%clk 0:00:13]} 84. Qb6+ {[%clk 0:00:09]} Ke2 {[%clk 0:00:13]} 85. Qg1
{[%clk 0:00:09]} Qf2+ {[%clk 0:00:11]} 86. Qg2 {[%clk 0:00:10]} Ke3
{[%clk 0:00:12]} 87. Kh1 {[%clk 0:00:05]} Qe1+ {[%clk 0:00:08]} 88. Kh2
{[%clk 0:00:06]} Qf2 {[%clk 0:00:10]} 89. Kh3 {[%clk 0:00:08]} Qf5+
{[%clk 0:00:05]} 90. g4 {[%clk 0:00:09]} hxg4+ {[%clk 0:00:06]} 91. Qxg4
{[%clk 0:00:10]} Qf1+ {[%clk 0:00:08]} 92. Qg2 {[%clk 0:00:06]} Qxg2+
{[%clk 0:00:08]} 93. Kxg2 {[%clk 0:00:07]} Kf4 {[%clk 0:00:09]} 1/2-1/2

[Event "Blitz 2018"]
[Site "Saint-Petersburg"]
[Date "2018.12.29"]
[Round "6"]
[Board "67"]
[White "Usmanov Vasily (RUS)"]
[Black "Najer Evgeniy (RUS)"]
[Result "1-0"]
[LiveChessVersion "1.4.8"]
[BlackElo "2573"]
[WhiteElo "2459"]

1. d4 {[%clk 0:03:03]} d5 {[%clk 0:03:03]} 2. c4 {[%clk 0:03:04]} c6
{[%clk 0:03:05]} 3. cxd5 {[%clk 0:03:05]} cxd5 {[%clk 0:03:06]} 4. Nf3
{[%clk 0:03:06]} Nc6 {[%clk 0:03:07]} 5. Nc3 {[%clk 0:03:07]} Nf6
{[%clk 0:03:08]} 6. Bf4 {[%clk 0:03:07]} Bf5 {[%clk 0:03:06]} 7. e3
{[%clk 0:03:07]} e6 {[%clk 0:03:06]} 8. Qb3 {[%clk 0:03:08]} Bb4 {[%clk 0:03:07]}
9. Ne5 {[%clk 0:03:07]} Bxc3+ {[%clk 0:02:40]} 10. bxc3 {[%clk 0:03:03]} Nxe5 11.
Bxe5 {[%clk 0:02:58]} O-O {[%clk 0:02:39]} 12. Qxb7 {[%clk 0:02:47]} Rc8
{[%clk 0:02:12]} 13. Ba6 {[%clk 0:01:55]} Rxc3 {[%clk 0:02:12]} 14. O-O
{[%clk 0:01:55]} Ra3 {[%clk 0:02:08]} 15. Bc7 {[%clk 0:01:40]} Qe7
{[%clk 0:02:00]} 16. Rfc1 {[%clk 0:01:40]} h6 {[%clk 0:01:42]} 17. h3
{[%clk 0:01:40]} Ne4 {[%clk 0:01:40]} 18. Bf1 {[%clk 0:01:19]} Ra4
{[%clk 0:00:42]} 19. Qc6 {[%clk 0:01:09]} Qa3 {[%clk 0:00:24]} 20. Bf4
{[%clk 0:00:38]} g5 {[%clk 0:00:19]} 21. Bb5 {[%clk 0:00:32]} gxf4
{[%clk 0:00:18]} 22. Bxa4 {[%clk 0:00:32]} fxe3 {[%clk 0:00:19]} 23. f3
{[%clk 0:00:16]} Nd2 {[%clk 0:00:12]} 24. Bb3 {[%clk 0:00:09]} Qe7
{[%clk 0:00:04]} 25. Qc7 {[%clk 0:00:06]} Qg5 {[%clk 0:00:05]} 26. Kh2
{[%clk 0:00:06]} Bd3 {[%clk 0:00:04]} 27. Rc3 {[%clk 0:00:06]} Bc4
{[%clk 0:00:04]} 28. Qg3 {[%clk 0:00:04]} e2 {[%clk 0:00:04]} 29. Qxg5+
{[%clk 0:00:04]} hxg5 {[%clk 0:00:05]} 30. Bxc4 {[%clk 0:00:05]} Nxc4
{[%clk 0:00:03]} 31. Re1 {[%clk 0:00:06]} Rb8 {[%clk 0:00:04]} 32. Rxe2
{[%clk 0:00:07]} Rb1 {[%clk 0:00:05]} 33. Rb3 {[%clk 0:00:04]} Rd1
{[%clk 0:00:06]} 34. Rb7 a5 35. a4 {[%clk 0:00:04]} Rxd4 {[%clk 0:00:08]} 36. Ra7
{[%clk 0:00:05]} Rd3 {[%clk 0:00:08]} 37. Rf2 {[%clk 0:00:05]} Rd4
{[%clk 0:00:07]} 38. Rf1 {[%clk 0:00:06]} Ne3 {[%clk 0:00:06]} 39. Rf2
{[%clk 0:00:05]} Rxa4 {[%clk 0:00:07]} 40. Rb2 {[%clk 0:00:06]} Kg7
{[%clk 0:00:04]} 41. Rbb7 {[%clk 0:00:06]} Rf4 42. Rxa5 Nc4 {[%clk 0:00:05]} 43.
Raa7 {[%clk 0:00:08]} Nd6 {[%clk 0:00:06]} 44. Rd7 {[%clk 0:00:09]} Nb5
{[%clk 0:00:07]} 45. Ra6 {[%clk 0:00:10]} Kg6 {[%clk 0:00:07]} 46. Ra8
{[%clk 0:00:11]} Kg7 {[%clk 0:00:08]} 47. Ra6 {[%clk 0:00:12]} Nd4
{[%clk 0:00:05]} 48. Kg3 {[%clk 0:00:12]} Nf5+ {[%clk 0:00:06]} 49. Kf2
{[%clk 0:00:13]} Nh6 {[%clk 0:00:03]} 50. Rxe6 {[%clk 0:00:13]} Rf5
{[%clk 0:00:03]} 51. Red6 {[%clk 0:00:12]} Re5 {[%clk 0:00:03]} 52. Rxd5
{[%clk 0:00:13]} 1-0

[Event "Blitz 2018"]
[Site "Saint-Petersburg"]
[Date "2018.12.29"]
[Round "6"]
[Board "68"]
[White "Saric Ivan (CRO)"]
[Black "Reshetnikov Alexey (RUS)"]
[Result "0-1"]
[LiveChessVersion "1.4.8"]
[BlackElo "2473"]
[WhiteElo "2572"]

1. e4 {[%clk 0:03:03]} c5 {[%clk 0:03:03]} 2. Nf3 {[%clk 0:03:04]} Nc6
{[%clk 0:03:04]} 3. Nc3 {[%clk 0:03:05]} e6 {[%clk 0:03:06]} 4. d4
{[%clk 0:03:05]} cxd4 {[%clk 0:03:07]} 5. Nxd4 {[%clk 0:03:07]} Qc7
{[%clk 0:03:08]} 6. g3 {[%clk 0:03:08]} a6 {[%clk 0:03:06]} 7. Bg2
{[%clk 0:03:09]} Nf6 {[%clk 0:03:07]} 8. O-O {[%clk 0:03:09]} Bc5
{[%clk 0:03:09]} 9. Nxc6 dxc6 {[%clk 0:03:09]} 10. Na4 {[%clk 0:03:02]} Ba7
{[%clk 0:03:09]} 11. c4 {[%clk 0:03:02]} Nd7 {[%clk 0:03:03]} 12. Qg4
{[%clk 0:02:43]} O-O {[%clk 0:02:35]} 13. Bf4 {[%clk 0:02:28]} Qa5
{[%clk 0:02:19]} 14. Nc3 {[%clk 0:02:16]} Bd4 {[%clk 0:01:50]} 15. Rad1
{[%clk 0:02:09]} Nf6 {[%clk 0:01:42]} 16. Qh4 {[%clk 0:01:48]} e5
{[%clk 0:01:25]} 17. Bg5 {[%clk 0:01:46]} Nd7 {[%clk 0:01:26]} 18. Bd2
{[%clk 0:01:36]} Qd8 {[%clk 0:01:20]} 19. Qxd8 {[%clk 0:01:14]} Rxd8
{[%clk 0:01:21]} 20. b3 {[%clk 0:01:12]} Nc5 {[%clk 0:01:16]} 21. h3
{[%clk 0:01:00]} Ne6 {[%clk 0:00:22]} 22. Ne2 {[%clk 0:00:59]} b5
{[%clk 0:00:23]} 23. Ba5 {[%clk 0:00:55]} Rd7 {[%clk 0:00:24]} 24. h4
{[%clk 0:00:52]} c5 {[%clk 0:00:19]} 25. Nxd4 {[%clk 0:00:45]} Nxd4
{[%clk 0:00:20]} 26. Bb6 {[%clk 0:00:42]} bxc4 {[%clk 0:00:16]} 27. bxc4
{[%clk 0:00:43]} Bb7 {[%clk 0:00:10]} 28. Bxc5 {[%clk 0:00:44]} Ne2+
{[%clk 0:00:11]} 29. Kh2 {[%clk 0:00:44]} Rc7 {[%clk 0:00:13]} 30. Bd6
{[%clk 0:00:43]} Rxc4 {[%clk 0:00:14]} 31. Rd2 {[%clk 0:00:39]} Nc3
{[%clk 0:00:15]} 32. Rc1 {[%clk 0:00:35]} f6 {[%clk 0:00:12]} 33. Bf1
{[%clk 0:00:32]} Rc6 {[%clk 0:00:13]} 34. Rdc2 {[%clk 0:00:14]} Rxd6
{[%clk 0:00:13]} 35. Rxc3 {[%clk 0:00:15]} Bxe4 {[%clk 0:00:14]} 36. Rc7
{[%clk 0:00:14]} Rad8 {[%clk 0:00:13]} 37. Ra7 {[%clk 0:00:13]} R8d7
{[%clk 0:00:13]} 38. Rc8+ {[%clk 0:00:10]} Kf7 {[%clk 0:00:14]} 39. Bc4+
{[%clk 0:00:10]} Kg6 {[%clk 0:00:15]} 40. Rxd7 {[%clk 0:00:09]} Rxd7
{[%clk 0:00:16]} 41. Bxa6 {[%clk 0:00:08]} Rd2 {[%clk 0:00:18]} 42. g4
{[%clk 0:00:07]} Rxf2+ {[%clk 0:00:18]} 43. Kg3 {[%clk 0:00:08]} Rxa2
{[%clk 0:00:19]} 44. Bc4 {[%clk 0:00:05]} Ra3+ {[%clk 0:00:21]} 45. Kf2
{[%clk 0:00:06]} Rf3+ {[%clk 0:00:22]} 46. Ke2 {[%clk 0:00:07]} Rg3
{[%clk 0:00:21]} 47. Be6 {[%clk 0:00:07]} h5 {[%clk 0:00:20]} 48. Kf2
{[%clk 0:00:06]} Rf3+ {[%clk 0:00:21]} 49. Ke2 {[%clk 0:00:07]} hxg4
{[%clk 0:00:21]} 50. Bxg4 {[%clk 0:00:08]} Rf4 {[%clk 0:00:21]} 51. h5+
{[%clk 0:00:06]} Kg5 {[%clk 0:00:22]} 52. Be6 {[%clk 0:00:06]} Bf3+
{[%clk 0:00:23]} 53. Ke3 {[%clk 0:00:07]} Bxh5 {[%clk 0:00:24]} 54. Rc1
{[%clk 0:00:07]} Kh6 {[%clk 0:00:25]} 55. Rh1 {[%clk 0:00:07]} Rf3+
{[%clk 0:00:25]} 56. Ke4 {[%clk 0:00:09]} Ra3 {[%clk 0:00:25]} 57. Bf7
{[%clk 0:00:09]} g6 {[%clk 0:00:26]} 58. Kd5 {[%clk 0:00:08]} Ra6
{[%clk 0:00:25]} 59. Be8 {[%clk 0:00:07]} Kg7 {[%clk 0:00:26]} 60. Bb5
{[%clk 0:00:07]} Bf3+ {[%clk 0:00:27]} 61. Kc5 {[%clk 0:00:08]} Bxh1
{[%clk 0:00:27]} 62. Bxa6 {[%clk 0:00:10]} f5 {[%clk 0:00:29]} 63. Kd6
{[%clk 0:00:09]} Kf6 {[%clk 0:00:30]} 64. Kxe5+ Kxe5 0-1

[Event "Blitz 2018"]
[Site "Saint-Petersburg"]
[Date "2018.12.29"]
[Round "6"]
[Board "69"]
[White "Gabrielian Artur (RUS)"]
[Black "Borisenko Viacheslav (UKR)"]
[Result "1-0"]
[LiveChessVersion "1.4.8"]
[BlackElo "2444"]
[WhiteElo "2562"]

1. e4 {[%clk 0:03:03]} g6 {[%clk 0:03:03]} 2. d4 {[%clk 0:03:04]} Bg7
{[%clk 0:03:05]} 3. Nc3 {[%clk 0:03:04]} c6 {[%clk 0:03:06]} 4. Nf3
{[%clk 0:03:03]} d5 {[%clk 0:03:07]} 5. h3 {[%clk 0:03:01]} Nf6 {[%clk 0:03:06]}
6. Bd3 {[%clk 0:02:51]} a6 {[%clk 0:02:31]} 7. e5 {[%clk 0:02:44]} Ng8
{[%clk 0:02:32]} 8. O-O {[%clk 0:02:36]} h6 {[%clk 0:02:29]} 9. Re1
{[%clk 0:02:34]} e6 {[%clk 0:02:30]} 10. Ne2 {[%clk 0:02:32]} c5 {[%clk 0:02:28]}
11. c3 {[%clk 0:02:33]} Nd7 {[%clk 0:02:05]} 12. Be3 {[%clk 0:02:24]} c4
{[%clk 0:02:03]} 13. Bc2 {[%clk 0:02:25]} Ne7 {[%clk 0:02:02]} 14. Qd2
{[%clk 0:02:25]} b5 {[%clk 0:02:03]} 15. a4 {[%clk 0:02:20]} Bb7 {[%clk 0:02:03]}
16. h4 {[%clk 0:02:16]} Nf5 {[%clk 0:02:01]} 17. Bxf5 {[%clk 0:02:14]} gxf5
{[%clk 0:02:02]} 18. Nf4 {[%clk 0:02:14]} h5 {[%clk 0:01:56]} 19. Ng5
{[%clk 0:02:09]} Bf8 {[%clk 0:01:17]} 20. axb5 {[%clk 0:02:06]} axb5
{[%clk 0:01:19]} 21. Qe2 {[%clk 0:02:02]} Be7 {[%clk 0:01:12]} 22. Nxh5
{[%clk 0:01:58]} Rg8 {[%clk 0:01:09]} 23. Rxa8 {[%clk 0:01:39]} Qxa8 24. Nf4
{[%clk 0:01:34]} Bxg5 {[%clk 0:00:44]} 25. hxg5 {[%clk 0:01:35]} Nf8
{[%clk 0:00:42]} 26. Nh5 {[%clk 0:01:24]} Nd7 {[%clk 0:00:38]} 27. Nf6+
{[%clk 0:01:14]} Nxf6 {[%clk 0:00:38]} 28. exf6 {[%clk 0:01:15]} e5
{[%clk 0:00:06]} 29. Bf4 {[%clk 0:00:39]} e4 {[%clk 0:00:07]} 30. Qh5
{[%clk 0:00:38]} Qc8 {[%clk 0:00:06]} 31. Ra1 {[%clk 0:00:38]} Qd7
{[%clk 0:00:03]} 32. Qh7 {[%clk 0:00:39]} Rf8 {[%clk 0:00:03]} 33. Ra7
{[%clk 0:00:40]} Kd8 {[%clk 0:00:04]} 34. g6 {[%clk 0:00:40]} fxg6
{[%clk 0:00:00]} 35. Qxd7+ Kxd7 1-0